000 00368nam a2200181Ia 4500
100 _aRao/P.N
650 _aMANUFACTURING
490 _v2
942 _cBK
366 _f17.5
654 _amanufacturing
245 _aManufacturing technology-2
260 _bMcGraw Hill
_aNew Delhi
_c2009
082 _bRAO
300 _a476
546 _aENGLISH
999 _c26865
_d26865